[Event "Open d'Aubagne 2018-2019"]
[Site "Aubagne"]
[Date "2018.12.08"]
[Round "4.1"]
[White "Daumas, Alain"]
[Black "Cayrou, Fabien"]
[Result "1-0"]
[WhiteElo "1571"]
[BlackElo "1411"]
[PlyCount "73"]
[EventDate "2018.??.??"]
[WhiteTeam "Club d'Echecs Pennois (CEP)"]
[BlackTeam "Marseille-Echecs"]

1. Nf3 d5 2. b3 Nf6 3. Bb2 g6 4. e3 Bg7 5. Be2 O-O 6. O-O Nc6 7. d3 Re8 8. Nbd2
e5 9. Rc1 e4 10. Ne1 d4 11. exd4 Nxd4 12. Bxd4 Qxd4 13. c3 Qd8 14. dxe4 Nxe4
15. Nxe4 Qxd1 16. Rxd1 Rxe4 17. Rd8+ Bf8 18. Bf3 Re6 19. Nc2 c6 20. Rfd1 b5 21.
Nd4 Bb7 22. Nxe6 fxe6 23. Rxa8 Bxa8 24. Rd8 Bb7 25. Rb8 Ba6 26. Bxc6 b4 27.
cxb4 Bd3 28. Bb5 Bb1 29. a4 Kf7 30. Bc4 Bf5 31. Rb7+ Kf6 32. b5 Bc5 33. Rxh7
Bc2 34. Rc7 Bb6 35. Rc6 Be4 36. h3 Ke7 37. g4 1-0

[Event "Open d'Aubagne 2018-2019"]
[Site "Aubagne"]
[Date "2018.12.08"]
[Round "4.2"]
[White "Tchifteyan, Philippe"]
[Black "Cotton, Paul"]
[Result "0-1"]
[WhiteElo "1532"]
[BlackElo "1395"]
[PlyCount "58"]
[EventDate "2018.??.??"]
[WhiteTeam "Cercle d'Echecs Aubagnais"]
[BlackTeam "Cercle d'Echecs Aubagnais"]

1. e4 c5 2. c3 Nc6 3. d4 cxd4 4. cxd4 e6 5. Nc3 g6 6. d5 exd5 7. exd5 Nce7 8.
d6 Nc6 9. Qe2+ Nge7 10. Nb5 Bg7 11. Nc7+ Kf8 12. dxe7+ Qxe7 13. Qxe7+ Kxe7 14.
Nxa8 Kd8 15. Nf3 Re8+ 16. Kd1 b6 17. Bf4 Ne5 18. Nxe5 Bxe5 19. Bxe5 Rxe5 20.
Bc4 Rf5 21. f3 Bb7 22. Bd3 Rd5 23. Ke2 Bxa8 24. Ke3 Re5+ 25. Kf4 f6 26. Rhe1
g5+ 27. Kg4 Rd5 28. Rad1 Rd4+ 29. Kf5 Rf4# 0-1

[Event "Open d'Aubagne 2018-2019"]
[Site "Aubagne"]
[Date "2018.12.08"]
[Round "4.3"]
[White "Piquemal, Maxence"]
[Black "Roche, Alain"]
[Result "1-0"]
[WhiteElo "1453"]
[BlackElo "1316"]
[PlyCount "97"]
[EventDate "2018.??.??"]
[WhiteTeam "Marseille-Echecs"]
[BlackTeam "Echiquier Marseillais 1872"]

1. d4 d5 2. c4 c6 3. cxd5 cxd5 4. Bf4 Nf6 5. Nc3 e6 6. e3 Nc6 7. Nf3 Bb4 8. Bd3
h6 9. h3 Bxc3+ 10. bxc3 O-O 11. O-O Qa5 12. Qb3 Bd7 13. Ne5 Nxe5 14. Bxe5 Ne4
15. Bxe4 dxe4 16. Qxb7 Bb5 17. Rfc1 Bd3 18. Qb4 Qa6 19. c4 f6 20. Bd6 Rfe8 21.
Rc3 Rac8 22. c5 Qc6 23. Ra3 Ra8 24. Qa4 Bb5 25. Qa5 Bd3 26. Qc7 Qd5 27. Rxa7
Rxa7 28. Qxa7 Ra8 29. Qb6 Ra6 30. Qb8+ Kh7 31. a3 Ra4 32. Qb2 Rc4 33. Rc1 Rxc1+
34. Qxc1 Bc4 35. Qb2 Qh5 36. Qc1 Qd5 37. a4 f5 38. a5 g5 39. Qd1 Kg6 40. Qa4 e5
41. Qe8+ Qf7 42. Qxf7+ Kxf7 43. Bxe5 Ke8 44. Bg7 h5 45. Bf6 g4 46. Kh2 Kd7 47.
Kg3 Kc7 48. Kf4 Bf1 49. g3 1-0

[Event "Open d'Aubagne 2018-2019"]
[Site "Aubagne"]
[Date "2018.12.08"]
[Round "4.4"]
[White "Pouyet, Alain"]
[Black "Hassaine, Rachid"]
[Result "1/2-1/2"]
[WhiteElo "1449"]
[BlackElo "1356"]
[PlyCount "144"]
[EventDate "2018.??.??"]
[WhiteTeam "Club Provence Echecs"]
[BlackTeam "Cercle d'Echecs Aubagnais"]

1. e4 e5 2. f4 exf4 3. Nf3 d6 4. Bc4 Nc6 5. d4 Bg4 6. c3 Bxf3 7. Qxf3 Qh4+ 8.
g3 fxg3 9. Qxf7+ Kd8 10. Qxf8+ Kd7 11. Qf5+ Ke8 12. Bf7+ Kf8 13. Bg5 g2+ 14.
Bxh4 gxh1=Q+ 15. Ke2 Qxh2+ 16. Bf2 Nf6 17. Bb3 Re8 18. Nd2 Qh5+ 19. Qxh5 Nxh5
20. Bh4 Nf6 21. Rf1 Ke7 22. Ba4 a6 23. e5 dxe5 24. dxe5 Kd7 25. Nf3 b5 26. Bc2
Nxe5 27. Bf5+ Kd8 28. Rd1+ Ke7 29. Nxe5 Kf8 30. Bg3 g6 31. Bh3 Kg7 32. Kf3 Nh5
33. Bh2 Rhf8+ 34. Kg2 Nf4+ 35. Bxf4 Rxf4 36. Rd7+ Kf8 37. Nf3 Rf7 38. Rd2 g5
39. Nd4 h5 40. Kg3 Re3+ 41. Kh2 g4 42. Bg2 h4 43. Bd5 Rh3+ 44. Kg2 Rg3+ 45. Kh2
Rf1 46. Bg2 Rf7 47. a3 Re3 48. Bb7 c5 49. Ne6+ Rxe6 50. Bd5 Rf2+ 51. Rxf2+ Ke7
52. Kg2 Re3 53. Rd2 Rg3+ 54. Kf2 Rh3 55. Re2+ Kd6 56. Bg2 Rd3 57. Bb7 h3 58.
Re3 Rd2+ 59. Kg3 Kc7 60. Be4 Rxb2 61. Kxg4 h2 62. Rh3 c4 63. Kf5 Kb6 64. Ke5
Ka5 65. Kd4 Ka4 66. Rh6 a5 67. Bc6 Kxa3 68. Kc5 Ka4 69. Rh4 Kb3 70. Bxb5 Kxc3
71. Rh3+ Kc2 72. Rxh2+ Kc1 1/2-1/2

[Event "Open d'Aubagne 2018-2019"]
[Site "Aubagne"]
[Date "2018.12.08"]
[Round "4.5"]
[White "Ganier, Philippe"]
[Black "Soulet, Julia"]
[Result "0-1"]
[WhiteElo "1606"]
[BlackElo "1420"]
[PlyCount "104"]
[EventDate "2018.??.??"]
[WhiteTeam "La Ciotat Echecs (LCE)"]
[BlackTeam "Marseille-Echecs"]

1. d4 d5 2. c4 dxc4 3. Nc3 Nf6 4. e4 e5 5. d5 Bd7 6. Bxc4 Bb4 7. Bg5 O-O 8.
Nge2 Bg4 9. f3 Bh5 10. O-O c6 11. Kh1 cxd5 12. Nxd5 Be7 13. Nxe7+ Qxe7 14. Nc3
Nbd7 15. Nd5 Qc5 16. Rc1 Nxd5 17. Bxd5 Qb5 18. Be7 Rfe8 19. Bd6 Kh8 20. Ba3
Rad8 21. Qc2 Nf6 22. Bc5 Qa6 23. Bc4 b5 24. Be2 Nd7 25. Rfd1 Nxc5 26. Rxd8 Rxd8
27. Qxc5 f6 28. a3 Qa5 29. h3 a6 30. Rc3 h6 31. Bd3 Qa4 32. Bc2 Qd4 33. Qc7 Qd6
34. Qc6 Bf7 35. Kh2 Bc4 36. Qxd6 Rxd6 37. b3 Be6 38. a4 bxa4 39. bxa4 Bd7 40.
Bd3 Bxa4 41. g4 Bb5 42. Bc2 Rc6 43. Rxc6 Bxc6 44. Bb3 g5 45. Kg2 Kg7 46. Kf2 a5
47. Ke1 a4 48. Ba2 Be8 49. Kd2 Bb5 50. Ke3 Kg6 51. Be6 a3 52. Bf5+ Kf7 0-1

[Event "Open d'Aubagne 2018-2019"]
[Site "Aubagne"]
[Date "2018.12.08"]
[Round "4.6"]
[White "Tramarin, Matteo"]
[Black "Gamblin, Vincent"]
[Result "1/2-1/2"]
[WhiteElo "1322"]
[BlackElo "1488"]
[PlyCount "118"]
[EventDate "2018.??.??"]
[WhiteTeam "La Ciotat Echecs (LCE)"]
[BlackTeam "L'Echiquier du Roy René"]

1. c4 e5 2. Nc3 Bc5 3. g3 a6 4. Bg2 d6 5. e3 Nc6 6. Nge2 Ba7 7. O-O h5 8. d4
exd4 9. exd4 h4 10. Qd3 hxg3 11. hxg3 Bh3 12. Bxc6+ bxc6 13. Re1 Qd7 14. Nf4+
Ne7 15. Nxh3 Qxh3 16. Qe4 Qh2+ 17. Kf1 Qh1+ 18. Ke2 Qxe4+ 19. Nxe4 Bxd4 20. Rb1
O-O-O 21. Kf3 f6 22. Nxd6+ cxd6 23. Rxe7 Rh2 24. Be3 Bxe3 25. Kxe3 Rd7 26. Re4
d5 27. cxd5 cxd5 28. Rd4 Re7+ 29. Kf3 Rh5 30. g4 Rhe5 31. Rbd1 Rd7 32. R1d3 Kd8
33. Kg3 g5 34. Ra3 Rd6 35. Rda4 Ree6 36. Rd3 Kd7 37. a3 Re5 38. Kg2 Rb6 39. Kg3
Ke6 40. b3 Re2 41. f4 gxf4+ 42. Kxf4 Rb2 43. b4 Re2 44. Ra5 Re4+ 45. Kf3 Rd6
46. Raxd5 Rxd5 47. Kxe4 Re5+ 48. Kd4 Rg5 49. Re3+ Kd6 50. Re4 Rd5+ 51. Kc4 Rg5
52. a4 f5 53. Rd4+ Kc7 54. gxf5 Rxf5 55. b5 axb5+ 56. axb5 Rf6 57. Kb4 Rb6 58.
Ka5 Rb8 59. b6+ Rxb6 1/2-1/2

[Event "Open d'Aubagne 2018-2019"]
[Site "Aubagne"]
[Date "2018.11.28"]
[Round "4.7"]
[White "Deregnaucourt, Yves"]
[Black "Ulloa, Philippe"]
[Result "1-0"]
[WhiteElo "1645"]
[BlackElo "1328"]
[PlyCount "81"]
[EventDate "2018.??.??"]
[WhiteTeam "Cercle d'Echecs Aubagnais"]
[BlackTeam "Cercle d'Echecs Aubagnais"]

1. e4 c5 2. d4 cxd4 3. c3 dxc3 4. Nxc3 e6 5. Nf3 a6 6. Bc4 b5 7. Bb3 d6 8. O-O
Nf6 9. Qe2 Bd7 10. Rd1 h6 11. e5 dxe5 12. Nxe5 Be7 13. Qf3 Nc6 14. Nxc6 Qc7 15.
Nxe7 Kxe7 16. Bf4 Qc8 17. Bd6+ Ke8 18. Rac1 Bc6 19. Qg3 Rg8 20. Re1 Qb7 21.
Bxe6 fxe6 22. Rxe6+ Kd8 23. Be7+ Qxe7 24. Rxe7 Kxe7 25. Qc7+ Bd7 26. Qe5+ Kf7
27. h3 Rac8 28. Rd1 Rge8 29. Qf4 Kg8 30. Nd5 Rc4 31. Nxf6+ gxf6 32. Qg3+ Bg4
33. hxg4 Re7 34. Qd3 Kg7 35. Qd6 Ra7 36. Qe6 Rcc7 37. Rd8 Rf7 38. Qc8 h5 39.
gxh5 f5 40. Rg8+ Kh6 41. Qc6+ 1-0

[Event "Open d'Aubagne 2018-2019"]
[Site "Aubagne"]
[Date "2018.12.08"]
[Round "4.8"]
[White "Rocchia, Alex"]
[Black "Bertrand, Frederic"]
[Result "0-1"]
[WhiteElo "1289"]
[BlackElo "1548"]
[PlyCount "44"]
[EventDate "2018.??.??"]
[WhiteTeam "Cercle d'Echecs Aubagnais"]
[BlackTeam "Cercle d'Echecs Aubagnais"]

1. e4 c6 2. d4 d5 3. e5 Bf5 4. Be2 e6 5. Nf3 c5 6. c3 Nc6 7. Qb3 Qb6 8. Qxb6
axb6 9. O-O Bg4 10. Be3 c4 11. Nbd2 Nge7 12. b3 b5 13. b4 Nf5 14. Rfe1 Nxe3 15.
fxe3 Be7 16. Bd1 O-O 17. e4 dxe4 18. Rxe4 Bf5 19. Re3 Ra3 20. d5 exd5 21. Nd4
Nxd4 22. cxd4 Bxb4 0-1

[Event "Open d'Aubagne 2018-2019"]
[Site "Aubagne"]
[Date "2018.12.08"]
[Round "4.9"]
[White "Cavanihac, Claude"]
[Black "Labriaud, Gilles"]
[Result "1-0"]
[WhiteElo "1487"]
[BlackElo "1276"]
[PlyCount "95"]
[EventDate "2018.??.??"]
[WhiteTeam "Cercle d'Echecs Aubagnais"]
[BlackTeam "La Ciotat Echecs (LCE)"]

1. f4 Nf6 2. Nf3 d6 3. d4 Nc6 4. e3 g6 5. Be2 Bg7 6. d5 Nb8 7. O-O O-O 8. c4 c6
9. Nc3 Bf5 10. Bd3 Bxd3 11. Qxd3 Nbd7 12. Bd2 Nc5 13. Qc2 Re8 14. Rad1 a5 15.
e4 Qb6 16. Be3 Ng4 17. Bf2 Nxf2 18. Rxf2 Qa6 19. b3 b5 20. dxc6 b4 21. Nb5 Qxc6
22. Re2 Ne6 23. g3 Nc7 24. Nbd4 Qb6 25. Kg2 Rac8 26. Qd3 Rcd8 27. Nc2 Ne6 28.
Ne3 Nc5 29. Qc2 Qc6 30. Nd5 e6 31. Ne3 Nxe4 32. Kf1 Nc3 33. Nd4 Qc5 34. Nf3
Nxd1 35. Qxd1 Qc6 36. Kf2 e5 37. Nd5 Qb7 38. Qe1 f6 39. Kg2 Kf7 40. fxe5 dxe5
41. Qf2 Qc6 42. Qa7+ Rd7 43. Qf2 Bf8 44. Rxe5 Qc5 45. Ng5+ Kg7 46. Qxf6+ Kh6
47. Rxe8 Bg7 48. Nf7+ 1-0

[Event "Open d'Aubagne 2018-2019"]
[Site "Aubagne"]
[Date "2018.12.29"]
[Round "4.10"]
[White "Periale, Albert"]
[Black "Hunault, Francis"]
[Result "0-1"]
[WhiteElo "1267"]
[BlackElo "1467"]
[PlyCount "114"]
[EventDate "2018.??.??"]
[WhiteTeam "Cercle d'Echecs Aubagnais"]
[BlackTeam "Cercle d'Echecs Aubagnais"]

1. e4 d6 2. d4 Nf6 3. Nc3 Nbd7 4. Bf4 c6 5. Nf3 h6 6. h3 Qc7 7. e5 Nd5 8. exd6
exd6 9. Nxd5 cxd5 10. Bd3 Be7 11. c3 O-O 12. O-O Nf6 13. Re1 Be6 14. Rc1 Rac8
15. b3 Qd7 16. Kh2 Nh5 17. Be3 Nf6 18. Ng1 Ne4 19. c4 f5 20. f3 Nf6 21. Rf1 g5
22. f4 g4 23. Qe1 Ne4 24. g3 Rc7 25. cxd5 Bxd5 26. Rxc7 Qxc7 27. Bf2 h5 28. h4
Bf6 29. Be3 Re8 30. Qc1 Qb6 31. Qb2 Rc8 32. Rc1 Rxc1 33. Qxc1 Bxd4 34. Qc8+ Kg7
35. Qxf5 Bxe3 36. Bxe4 Bxg1+ 37. Kh1 Bxe4+ 38. Qxe4 Qe3 39. Qxb7+ Kg6 40. Qg2
Bf2 41. Kh2 Qf3 42. b4 Qxg2+ 43. Kxg2 Be1 44. b5 Ba5 45. Kf2 Bb6+ 46. Ke2 Kf5
47. Kd3 Bf2 48. a4 Bxg3 49. a5 Bf2 50. Ke2 g3 51. Kf3 d5 52. a6 Bb6 53. Kxg3
Ke4 54. f5 Kxf5 55. Kf3 Ke5 56. Kg3 Ke4 57. Kg2 Kd3 0-1

[Event "Open d'Aubagne 2018-2019"]
[Site "Aubagne"]
[Date "2018.11.08"]
[Round "4.11"]
[White "Moerenhout, Jean Claude"]
[Black "Guidini, Rene"]
[Result "0-1"]
[WhiteElo "1284"]
[BlackElo "1442"]
[PlyCount "86"]
[EventDate "2018.??.??"]
[WhiteTeam "Cercle d'Echecs Aubagnais"]
[BlackTeam "Cercle d'Echecs Aubagnais"]

1. d4 Nf6 2. Bf4 g6 3. e3 Bg7 4. Nd2 b6 5. Be2 Bb7 6. Ngf3 d6 7. O-O O-O 8. c3
Nbd7 9. Qc2 Rc8 10. e4 Re8 11. Bb5 c6 12. Bc4 b5 13. Bd3 e5 14. dxe5 dxe5 15.
Bg5 h6 16. Be3 a6 17. Qc1 c5 18. c4 b4 19. Nb3 Ng4 20. Bd2 Nb6 21. Bb1 Kh7 22.
Rd1 Qe7 23. h3 Nf6 24. Re1 Qc7 25. a3 Qe7 26. a4 Nbd7 27. Bc2 Nb8 28. Ng5+ hxg5
29. Bxg5 Nc6 30. Nd2 Nd4 31. b3 a5 32. Bd1 Bc6 33. Bg4 Bd7 34. Rb1 Bxg4 35.
hxg4 Qd7 36. f3 Ne6 37. Nf1 Nxg5 38. Qxg5 Qe7 39. Qh4+ Kg8 40. Ne3 Rcd8 41.
Rbd1 Rd4 42. Kf2 Nxe4+ 43. Kg1 Qxh4 0-1

[Event "Open d'Aubagne 2018-2019"]
[Site "Aubagne"]
[Date "2018.11.08"]
[Round "4.12"]
[White "Cureau, Dominique"]
[Black "Cayrou, Manon"]
[Result "1-0"]
[WhiteElo "1438"]
[BlackElo "1263"]
[PlyCount "47"]
[EventDate "2018.??.??"]
[WhiteTeam "Echiquier Marseillais 1872"]
[BlackTeam "Marseille-Echecs"]

1. c4 e5 2. Nc3 Nf6 3. d3 h6 4. Nf3 d5 5. cxd5 Nxd5 6. Nxe5 Qf6 7. d4 Bb4 8.
Bd2 Qe6 9. e4 Nf6 10. Qa4+ Nc6 11. Nxc6 Qxc6 12. Bb5 Qxb5 13. Qxb5+ Kd8 14.
Qxb4 Re8 15. O-O b6 16. e5 Nd7 17. Qc4 Bb7 18. Nb5 c6 19. Nd6 Kc7 20. Nxe8+
Rxe8 21. Qxf7 Rd8 22. Qxg7 c5 23. dxc5 bxc5 24. e6 1-0

[Event "Open d'Aubagne 2018-2019"]
[Site "Aubagne"]
[Date "2018.12.08"]
[Round "4.13"]
[White "Naam, Shedy"]
[Black "Desjardins, Rene"]
[Result "0-1"]
[WhiteElo "1221"]
[BlackElo "1437"]
[PlyCount "54"]
[EventDate "2018.??.??"]
[WhiteTeam "Marseille-Echecs"]
[BlackTeam "Cercle d'Echecs Aubagnais"]

1. e4 g6 2. Bc4 Bg7 3. Nf3 d6 4. Nc3 Nf6 5. d4 Nc6 6. Bf4 Bg4 7. Be2 a6 8. h3
Bd7 9. a4 Nh5 10. Be3 O-O 11. O-O Qc8 12. Kh2 e5 13. d5 Ne7 14. Qd2 f5 15. Ng5
f4 16. Bxh5 fxe3 17. Qxe3 gxh5 18. Qe2 Be8 19. Ne6 Rf6 20. Qe3 Bh6 21. Qd3 Bf7
22. Qe2 Bxe6 23. dxe6 Qxe6 24. Qxh5 Bf4+ 25. g3 Rh6 26. Qd1 Qxh3+ 27. Kg1 Qh2#
0-1

[Event "Open d'Aubagne 2018-2019"]
[Site "Aubagne"]
[Date "2018.12.08"]
[Round "4.15"]
[White "Pinet, Leo"]
[Black "Strate, Francois"]
[Result "1-0"]
[WhiteElo "1199"]
[BlackElo "1406"]
[PlyCount "47"]
[EventDate "2018.??.??"]
[WhiteTeam "Club Provence Echecs"]
[BlackTeam "Sanary Echecs"]

1. e4 e6 2. Nf3 d5 3. Nc3 d4 4. Ne2 c5 5. c3 d3 6. Ng3 c4 7. Qa4+ Bd7 8. Qxc4
Bc6 9. Bxd3 Nd7 10. Bc2 a6 11. Nd4 Ne5 12. Nxc6 Nxc4 13. Nxd8 Rxd8 14. d3 Ne5
15. d4 Nc6 16. O-O Be7 17. e5 b5 18. f4 Bh4 19. Ne4 Be7 20. f5 exf5 21. Rxf5
Nh6 22. Bxh6 gxh6 23. Raf1 Rf8 24. Bb3 1-0

[Event "Open d'Aubagne 2018-2019"]
[Site "Aubagne"]
[Date "2018.12.08"]
[Round "4.16"]
[White "Masson, Wally"]
[Black "Normand, Christophe"]
[Result "0-1"]
[WhiteElo "1145"]
[BlackElo "1399"]
[PlyCount "36"]
[EventDate "2018.??.??"]
[WhiteTeam "Cercle d'Echecs Aubagnais"]
[BlackTeam "Cercle d'Echecs Aubagnais"]

1. e4 e5 2. Nf3 d6 3. Bc4 Be7 4. O-O Nf6 5. Nc3 O-O 6. d4 exd4 7. Nxd4 Nc6 8.
Bf4 Be6 9. Bb3 Bxb3 10. axb3 d5 11. e5 Nd7 12. Ra6 Ncb8 13. Ra5 Bb4 14. Ra4 a5
15. Qg4 Kh8 16. Rfa1 Nb6 17. R4a2 N8d7 18. Nde2 d4 0-1

[Event "Open d'Aubagne 2018-2019"]
[Site "Aubagne"]
[Date "2018.12.08"]
[Round "4.17"]
[White "Marchis Mouren, Emma"]
[Black "Avedissian, Andre"]
[Result "1-0"]
[WhiteElo "1111"]
[BlackElo "1362"]
[PlyCount "67"]
[EventDate "2018.??.??"]
[WhiteTeam "Cassis Echecs"]
[BlackTeam "Marseille-Echecs"]

1. d4 d5 2. c4 e6 3. Nf3 b6 4. g3 Bb7 5. Bg2 Nf6 6. O-O Be7 7. Nc3 O-O 8. Qd3
h6 9. Re1 c5 10. Ne5 Nc6 11. Nxc6 Bxc6 12. e4 cxd4 13. Qxd4 Bc5 14. Qd3 dxc4
15. Qxc4 Rc8 16. Rd1 Qe7 17. a3 Qb7 18. b4 Bxf2+ 19. Kxf2 Bxe4 20. Bxe4 Rxc4
21. Bxb7 Rxc3 22. Bf4 Rc2+ 23. Rd2 Rc4 24. Kg1 g5 25. Be5 Ng4 26. Bb2 Rc7 27.
Bf3 Ne3 28. Rc1 Nc4 29. Rdc2 b5 30. a4 a6 31. axb5 axb5 32. Be2 Rfc8 33. Bxc4
Rxc4 34. Rc3 1-0

[Event "Open d'Aubagne 2018-2019"]
[Site "Aubagne"]
[Date "2018.12.08"]
[Round "4.18"]
[White "Madi, Chahinez"]
[Black "Gomez, Jean-Luc"]
[Result "0-1"]
[WhiteElo "1099"]
[BlackElo "1335"]
[PlyCount "92"]
[EventDate "2018.??.??"]
[WhiteTeam "La Ciotat Echecs (LCE)"]
[BlackTeam "La Tour Hyéroise"]

1. c4 Nf6 2. Nc3 e6 3. Nf3 c5 4. g3 d5 5. cxd5 exd5 6. d4 Bg4 7. Bg2 Be7 8. O-O
O-O 9. Be3 c4 10. Re1 Re8 11. Bf4 a6 12. a3 Bd6 13. Ne5 Bxe5 14. Bxe5 Nc6 15.
Bxf6 Qxf6 16. Bxd5 Nxd4 17. Bxc4 Rad8 18. Qc1 Bh3 19. Qf4 Qxf4 20. gxf4 Nc2 21.
Rac1 Nxe1 22. Rxe1 b5 23. Bd3 Rxd3 24. e4 h6 25. f5 Bxf5 26. e5 f6 27. f4 Rd2
28. b4 fxe5 29. fxe5 Re6 30. a4 Rg6+ 31. Kh1 Be6 32. a5 Rgg2 33. Ne2 Rgxe2 34.
Rxe2 Rxe2 35. h4 Re4 36. h5 Rxe5 37. Kg2 Re4 38. Kg3 Rxb4 39. Kf2 Rc4 40. Kg2
Rc3 41. Kh2 b4 42. Kg2 b3 43. Kh2 b2 44. Kg2 b1=Q 45. Kh2 Qb2+ 46. Kg1 Rc1# 0-1

[Event "Open d'Aubagne 2018-2019"]
[Site "Aubagne"]
[Date "2018.12.08"]
[Round "4.19"]
[White "Pietrac, Christian"]
[Black "Blanc, Michel"]
[Result "1/2-1/2"]
[WhiteElo "1256"]
[BlackElo "1615"]
[PlyCount "116"]
[EventDate "2018.??.??"]
[WhiteTeam "Club d'Echecs de Miramas"]
[BlackTeam "Cercle d'Echecs Aubagnais"]

1. c4 c6 2. Nc3 d5 3. cxd5 cxd5 4. Nf3 Nf6 5. g3 e6 6. Bg2 Be7 7. a3 O-O 8. O-O
Nc6 9. e3 a6 10. b4 Bd7 11. Re1 Rc8 12. Bb2 b5 13. d4 Ne8 14. e4 dxe4 15. Nxe4
Nf6 16. Nc5 Bxc5 17. dxc5 Rc7 18. Qc2 Bc8 19. Rad1 Rd7 20. Ne5 Nxe5 21. Bxe5
Nd5 22. Bd6 Re8 23. Be4 Nf6 24. Bc6 Nd5 25. Bxd7 Qxd7 26. Rd4 Bb7 27. Rh4 h6
28. Qd3 Qc6 29. f3 Qd7 30. Qd4 Ne7 31. Bxe7 Qxe7 32. Qd6 Qxd6 33. cxd6 Rd8 34.
Rd4 Bd5 35. Rc1 Rxd6 36. Rc8+ Kh7 37. f4 g6 38. Rc7 Kg7 39. h4 h5 40. Kf2 Kf6
41. Rc5 Ke7 42. Rc7+ Kf6 43. Rc3 Rd7 44. Ke1 Kf5 45. Rc8 Kf6 46. Rc3 Kf5 47.
Kf2 Kf6 48. Kg1 Kf5 49. Kh2 Kg4 50. f5+ Kxf5 51. Rf4+ Ke5 52. Re3+ Kd6 53. Rc3
Ke7 54. Rd4 Kf6 55. Rf4+ Kg7 56. Rd4 Kf6 57. Rf4+ Kg7 58. Rd4 Kf6 1/2-1/2

[Event "Open d'Aubagne 2018-2019"]
[Site "Aubagne"]
[Date "2018.12.08"]
[Round "4.20"]
[White "Biglia, Michel"]
[Black "Pentcheff, Laura"]
[Result "0-1"]
[WhiteElo "1232"]
[BlackElo "1609"]
[PlyCount "74"]
[EventDate "2018.??.??"]
[WhiteTeam "Cercle d'Echecs Aubagnais"]
[BlackTeam "Marseille-Echecs"]

1. e4 e5 2. Bc4 Nc6 3. Nf3 Bc5 4. Nc3 Nf6 5. h3 O-O 6. d3 Na5 7. Bg5 h6 8. Bh4
Nxc4 9. dxc4 Bb4 10. a3 Bxc3+ 11. bxc3 Qe7 12. O-O Qe6 13. Nh2 Nxe4 14. Qg4
Qxg4 15. Nxg4 d6 16. f4 Bxg4 17. hxg4 exf4 18. Rxf4 Nxc3 19. Rf2 g5 20. Bg3 Ne4
21. Rf3 Nxg3 22. Rxg3 Rfe8 23. Kf2 Re4 24. Re3 Rxc4 25. Rae1 Rxc2+ 26. Kg3 Kg7
27. Rf1 Rf8 28. Rfe1 a6 29. Re8 Rxe8 30. Rxe8 Rc3+ 31. Kf2 Rxa3 32. Re7 Rc3 33.
Ke2 b5 34. Re8 b4 35. Kd2 Rg3 36. Rb8 Rxg2+ 37. Kc1 Rxg4 0-1

[Event "Open d'Aubagne 2018-2019"]
[Site "Aubagne"]
[Date "2018.12.08"]
[Round "4.21"]
[White "Pentcheff, Julie"]
[Black "Morata, Serge"]
[Result "1/2-1/2"]
[WhiteElo "1174"]
[BlackElo "1343"]
[PlyCount "62"]
[EventDate "2018.??.??"]
[WhiteTeam "Marseille-Echecs"]
[BlackTeam "Cercle d'Echecs Aubagnais"]

1. d4 d5 2. c4 e6 3. Nf3 Nf6 4. Bg5 Be7 5. e3 O-O 6. Nc3 Ne4 7. Nxe4 dxe4 8.
Bxe7 Qxe7 9. Nd2 f5 10. Be2 b6 11. Qb3 Kh8 12. O-O-O c5 13. dxc5 Qxc5 14. Qb5
Bd7 15. Qxc5 bxc5 16. Nb3 Ba4 17. Rd2 Bxb3 18. axb3 Re8 19. Rhd1 Nc6 20. Rd6
Nb4 21. Kb1 h6 22. Bh5 Re7 23. Rd8+ Rxd8 24. Rxd8+ Kh7 25. Rf8 g6 26. Be2 Kg7
27. Rc8 Rd7 28. Kc1 Na2+ 29. Kc2 Nb4+ 30. Kc3 Na2+ 31. Kc2 Nb4+ 1/2-1/2

[Event "Open d'Aubagne 2018-2019"]
[Site "Aubagne"]
[Date "2018.12.08"]
[Round "4.22"]
[White "Salvi, Angele"]
[Black "Frontera, Pierre"]
[Result "1/2-1/2"]
[WhiteElo "1072"]
[BlackElo "1284"]
[PlyCount "124"]
[EventDate "2018.??.??"]
[WhiteTeam "La Ciotat Echecs (LCE)"]
[BlackTeam "Cercle d'Echecs Aubagnais"]

1. e3 e5 2. Ne2 d5 3. d3 Nf6 4. Nd2 Nc6 5. a3 a5 6. h3 Be7 7. g3 O-O 8. Bg2 Be6
9. b3 b6 10. Bb2 Rc8 11. Nf3 Nd7 12. Rc1 Bd6 13. h4 f6 14. c4 Ne7 15. Qc2 c5
16. Nd2 Rc7 17. Nc3 Nb8 18. Nxd5 Nxd5 19. cxd5 Bc8 20. Nc4 Rcf7 21. Ke2 Bb7 22.
e4 b5 23. Ne3 Bc8 24. Bh3 Na6 25. Nf5 Bxf5 26. Bxf5 Nc7 27. h5 Re7 28. Qd2 h6
29. Qxa5 Qb8 30. Qd2 b4 31. a4 Kh8 32. f4 Ne8 33. Kf3 exf4 34. gxf4 Bxf4 35.
Qxf4 Qxf4+ 36. Kxf4 Nd6 37. Bg6 Rc7 38. e5 fxe5+ 39. Kxe5 Nf7+ 40. Bxf7 Rcxf7
41. Rxc5 Re8+ 42. Kd6 Rd8+ 43. Ke6 Kg8 44. d6 Re8+ 45. Kd5 Rf5+ 46. Kc6 Rc8+
47. Kb5 Rcxc5+ 48. Kxb4 Rcd5 49. Kc4 Rxd6 50. Ba3 Rdd5 51. Bb2 Rxh5 52. Rxh5
Rxh5 53. Bc1 Rf5 54. b4 g5 55. a5 Kf7 56. a6 Ke7 57. b5 Kd7 58. Be3 Kc7 59. Kb4
Rf3 60. b6+ Kb8 61. Bc5 Rxd3 62. Kb5 Rf3 1/2-1/2

[Event "Open d'Aubagne 2018-2019"]
[Site "Aubagne"]
[Date "2018.12.08"]
[Round "4.23"]
[White "Shelar, Manasvi"]
[Black "Lecomte, Gael"]
[Result "0-1"]
[WhiteElo "1280"]
[BlackElo "1249"]
[PlyCount "70"]
[EventDate "2018.??.??"]
[WhiteTeam "L'Echiquier du Roy René"]
[BlackTeam "L'Echiquier du Roy René"]

1. e4 e5 2. Nf3 Nc6 3. Bc4 Be7 4. Nc3 Nf6 5. d3 d6 6. h3 O-O 7. Bg5 Kh8 8. Qd2
a6 9. a3 Nd4 10. O-O-O c6 11. Bb3 b5 12. Be3 c5 13. Ng5 Be6 14. Bxe6 Nxe6 15.
Nxe6 fxe6 16. g4 d5 17. Na2 d4 18. Bg5 a5 19. Kb1 b4 20. axb4 axb4 21. b3 Qa5
22. c3 bxc3 23. Qc2 Ra7 24. Rh2 Rfa8 25. f3 Nxg4 26. fxg4 Bxg5 27. Rf1 Kg8 28.
Rff2 Bd2 29. Rxd2 cxd2 30. Rxd2 Rf8 31. Rf2 Rxf2 32. Qxf2 Rb7 33. Qc2 Qa3 34.
Nc1 Ra7 35. Na2 Qxb3+ 0-1

[Event "Open d'Aubagne 2018-2019"]
[Site "Aubagne"]
[Date "2018.12.08"]
[Round "4.24"]
[White "Deroual, Alexandre"]
[Black "Meyselle, Jean-Noel"]
[Result "1-0"]
[WhiteElo "1130"]
[BlackElo "1399"]
[PlyCount "53"]
[EventDate "2018.??.??"]
[WhiteTeam "La Ciotat Echecs (LCE)"]
[BlackTeam "Cercle d'Echecs Aubagnais"]

1. f4 d6 2. d4 Bf5 3. e3 Nf6 4. Nf3 g6 5. Nc3 Bg7 6. Ng5 Nbd7 7. Bc4 O-O 8.
Nxf7 Rxf7 9. Bxf7+ Kxf7 10. Qf3 Qc8 11. e4 Bg4 12. Qg3 Nb6 13. e5 Nfd5 14. Nxd5
Nxd5 15. Qb3 Be6 16. c4 Nb6 17. d5 Bf5 18. e6+ Kg8 19. O-O c6 20. a4 cxd5 21.
a5 Nxc4 22. Be3 Nxe3 23. Qxe3 Bxb2 24. Rad1 Qxe6 25. Qb3 Bf6 26. Qxb7 Qc8 27.
Qxd5+ 1-0

[Event "Open d'Aubagne 2018-2019"]
[Site "Aubagne"]
[Date "2018.11.30"]
[Round "4.25"]
[White "Lognos, Lina"]
[Black "Nasri, Alexandre"]
[Result "1/2-1/2"]
[WhiteElo "1061"]
[BlackElo "1399"]
[PlyCount "74"]
[EventDate "2018.??.??"]
[WhiteTeam "Cercle d'Echecs Aubagnais"]
[BlackTeam "Cercle d'Echecs Aubagnais"]

1. c4 e5 2. Nc3 d6 3. g3 Nf6 4. d3 Be7 5. a3 O-O 6. b4 Nc6 7. Nf3 b6 8. Bg2 Bb7
9. O-O Nd4 10. e4 Qd7 11. Nxd4 exd4 12. Ne2 c5 13. b5 Qg4 14. Nf4 Qxd1 15. Rxd1
a6 16. Nd5 Nxd5 17. exd5 axb5 18. cxb5 Ra5 19. a4 Raa8 20. Bf4 Bc8 21. Re1 Re8
22. Bg5 Bf5 23. Bxe7 Ra7 24. Bxd6 Raa8 25. Re7 Rxe7 26. Bxe7 Re8 27. d6 f6 28.
Bd5+ Kh8 29. Bf7 Rc8 30. d7 Bxd7 31. Bd5 Re8 32. Bd6 Bf5 33. Bc7 Bxd3 34. Bxb6
c4 35. Bxd4 Rd8 36. Re1 h6 37. Bxc4 Bxc4 1/2-1/2

[Event "Open d'Aubagne 2018-2019"]
[Site "Aubagne"]
[Date "2018.12.08"]
[Round "4.26"]
[White "Piquemal, Jean Christophe"]
[Black "Vicari-Vento, Salvatore"]
[Result "1/2-1/2"]
[WhiteElo "1078"]
[BlackElo "1396"]
[PlyCount "63"]
[EventDate "2018.??.??"]
[WhiteTeam "Marseille-Echecs"]
[BlackTeam "Club Provence Echecs"]

1. e4 c5 2. Nc3 d6 3. f4 a6 4. Nf3 Nf6 5. a3 e6 6. Bc4 b5 7. Ba2 Bb7 8. d3 Be7
9. O-O O-O 10. f5 exf5 11. exf5 Nbd7 12. Kh1 Ne5 13. Nxe5 dxe5 14. b4 cxb4 15.
axb4 Bxb4 16. Ne2 h6 17. Bb2 Bd6 18. Ng3 Nd5 19. Qh5 Nf4 20. Rxf4 exf4 21. Ne4
Bxe4 22. dxe4 Qg5 23. Qg6 Qxg6 24. fxg6 Kh8 25. gxf7 Ra7 26. e5 Be7 27. e6 Rc7
28. Be5 Rxc2 29. Bxf4 Bc5 30. Bd5 Rf2 31. g3 Kh7 32. Rxa6 1/2-1/2